00404nam a2200109Ia 4500082001500000245006100015100007000076942000700146008004100153999001900194952008100213 a519.5 WILL 0aStatistical methods for business and basic calculations  a WILLEMSE, Isabel Landsdowne [Cape Town], 2004 2nd ed 935576 cBK210817s9999 xx 000 0 und d c129078d129076 00104070d2021-08-17g365.00l0p3228200014637r2021-08-17w2021-08-17yBK